[Event "SC Groebenzell 2-SK Landau-Dingolfing 1"]
[Site "?"]
[Date "2024.10.20"]
[Round "2.5"]
[White "Theiss, Johann"]
[Black "Eder, Alfred"]
[Result "1-0"]
[WhiteElo "1910"]
[BlackElo "1875"]
[Annotator "Stockfish 17"]
[PlyCount "163"]
[EventDate "2024.??.??"]
[WhiteTeam "SK Landau-Dingolfing 1"]
[BlackTeam "SC Gröbenzell 2"]

{[%evp 18,163,58,51,59,40,47,32,24,-5,-6,-84,-6,-23,-32,-65,73,68,97,88,82,67,
83,34,37,37,43,47,46,26,88,26,20,26,26,-16,11,-73,-69,-69,65,72,91,92,104,95,
85,85,201,191,180,143,159,156,172,139,186,182,179,110,114,111,153,77,119,110,
99,107,101,107,273,91,119,121,123,0,2,0,0,0,0,0,0,-157,-156,-144,-142,-150,
-150,-153,-157,-270,-270,-267,-272,-265,-265,-262,-248,-256,-239,-229,-200,
-200,-186,-171,0,0,0,0,0,0,0,0,0,0,0,0,0,0,0,-144,-144,-131,-1,-25,-23,-24,0,
-442,-421,-518,-494,-464,-428,-542,-540,-536,-533,-513,-513,-472,677,702,778,
761,732,738]} 1. d4 f5 2. g3 Nf6 3. Bg2 d5 4. Nf3 e6 5. O-O Be7 6. c4 O-O 7.
Qc2 c6 8. Nbd2 Ne4 9. Ne5 Nd7 10. Ndf3 Nd6 11. Nxd7 Bxd7 12. c5 Nf7 13. Bf4 g5
14. Be5 $6 (14. Be3 $11) 14... Bf6 (14... b6 $17 15. cxb6 axb6) 15. Qc3 Bxe5
16. dxe5 g4 (16... Qc7 $15 {behält die Oberhand.}) 17. Ne1 $16 b5 18. Nd3 a5
19. a3 Qg5 20. Nf4 Ra7 21. f3 h5 22. Rf2 Qg7 23. Nd3 Nh6 (23... Kh7 $11) 24.
Qd4 (24. Nf4 $16) 24... Be8 $11 25. Nf4 Re7 26. Bf1 Bg6 27. Rd1 (27. Ng2 $11)
27... Nf7 $15 28. Nd3 Kh7 (28... f4 $15 29. Nxf4 Nxe5) 29. f4 $14 Ra8 30. Ne1
Nh8 31. Nc2 Qh6 32. Qc3 $16 {die Stellung ist jedoch sehr verschachtelt} Bf7 $2
(32... Be8 $16) 33. Nd4 $18 {das ideale Feld für den Springer} Be8 34. Rd3 (
34. h3 {mit Öffnung der Stellung}) 34... Kg8 35. h3 Rg7 36. hxg4 hxg4 37. Rh2
Qg6 38. Nb3 (38. e3 $18) 38... a4 $16 39. Nd4 Bd7 40. Bg2 ({Lieber} 40. e3)
40... Qe8 41. Rd1 Rh7 42. Rxh7 $16 Kxh7 43. Kf2 Kg7 $2 {[#]} (43... Nf7 $16)
44. Ke3 $2 (44. Nxf5+ $1 $18 {[%mdl 512]} exf5 45. e6+ {[%mdl 64] Abzugsangriff
} Kg6 46. exd7 Qxd7 47. e4 {ein klassischer Durchbruch}) 44... Ng6 45. Rh1 Qd8
{[#]} 46. Nxf5+ (46. Bxd5 $1 cxd5 47. c6 Bc8 48. Qb4 Ra6 49. Rc1 $16) 46...
exf5 $11 47. e6+ $1 Kg8 {Weiss muss nun ...De7 beachten.} 48. exd7 Qxd7 {
die schwarze Stellung bleibt jedoch verteidigungsfähig} 49. Qf6 Re8+ 50. Kd4
$2 ({Günstiger ist} 50. Kd3 $11 Re6 51. Qd4) 50... Qg7 $17 51. Qxg7+ Kxg7 {
[%mdl 4096] Endspiel KTL-KTS} 52. e3 Nf8 $1 53. Rc1 Kf6 $19 54. Kd3 (54. Rh1
$17) 54... Ne6 $19 55. Ke2 Rh8 56. Kf2 Rh7 57. Rc3 Ke7 58. Kg1 Kd7 59. Bf1 Kc7
60. Bd3 Rh5 61. Bc2 d4 $2 {verdirbt dier Stellung zum Remis} ({Besser ist} 
61... Nd8 $19 62. Bd3 Nb7) 62. exd4 $11 Nxd4 63. Bd1 $1 Rh7 (63... Ne6 {
scheint wilder zu sein.} 64. Bc2 Nd4 65. Bd1 Ne6) 64. Re3 Rf7 65. Kf2 Kb7 66.
Re8 Rd7 67. Ke3 Kc7 68. Re5 Kb7 $11 69. Be2 $6 {[#]} (69. Re8 $11 {hält das
Gleichgewicht.}) 69... Nc2+ $1 $17 70. Kf2 {[#]} Nd4 (70... Rd2 $1 $17 {
Droht ...Ka6 und aus.} 71. Re7+ (71. Rxf5 $2 Rxe2+ 72. Kg1 Ne3 $19) 71... Kc8)
71. Bd3 Nf3 72. Re3 Rh7 {Und weiter mit ...Th2+ wäre nett.} 73. Rxf3 $2 {
[%mdl 8192] damit konnte er glatt verlieren} (73. Re8 $11 {und Weiss ist OK.})
73... gxf3 $19 74. Bxf5 {KT-KL} Rh2+ 75. Kxf3 Rxb2 76. g4 {beabsichtigt g5.} b4
77. axb4 {Falls Weiss jetzt zu Le6 käme, bestünde noch etwas Hoffnung.} a3
78. Be6 Kc7 79. g5 Rxb4 $4 {[%mdl 8192] verdirbt alles und verliert sogar} (
79... a2 $19 80. Bxa2 Rxa2) 80. g6 $18 {Weiß steht klar auf Gewinn.} Rb1 81.
g7 Rf1+ 82. Kg2 {eine Kampfpartie mit einigen Wendungen} 1-0

[Event "SC Groebenzell 2-SK Landau-Dingolfing 1"]
[Site "?"]
[Date "2024.10.20"]
[Round "2.6"]
[White "Kaftan, Thorsten"]
[Black "Huber, Florian"]
[Result "1/2-1/2"]
[WhiteElo "1859"]
[BlackElo "1820"]
[Annotator "Stockfish 17"]
[PlyCount "90"]
[EventDate "2024.??.??"]
[WhiteTeam "SC Gröbenzell 2"]
[BlackTeam "SK Landau-Dingolfing 1"]

{[%evp 25,90,21,32,-17,-18,-78,15,18,30,5,6,5,1,3,3,4,0,0,0,-2,-5,-4,0,0,10,
-16,7,0,8,-3,0,-2,5,-1,7,-8,-8,-8,-5,-8,-9,-13,0,-83,0,-142,0,-107,0,0,0,-8,-6,
-32,-25,-26,-18,-19,-20,-21,-19,-23,0,0,0,-18,0]} 1. e4 e5 2. Nf3 Nc6 3. Bb5 a6
4. Ba4 Nf6 5. O-O b5 6. Bb3 Be7 (6... Bb7 7. Re1 Bc5 8. c3 d6 9. d4 {wird auch
sehr oft gespielt}) 7. Re1 O-O 8. c3 d6 9. h3 {eine Grundstellung mit einigen
Möglichkeiten} Na5 (9... Bb7 10. d4 Re8 11. Nbd2 Bf8 {ist recht üblich}) (
9... Nb8 10. d4 Nbd7 11. Nbd2 Bb7 {ist auch sehr bekannt}) 10. Bc2 c5 11. d4
Nd7 (11... Qc7 12. Nbd2 cxd4 13. cxd4 Nc6 14. Nb3 {ist gut bekannt}) 12. dxe5 (
12. Nbd2 cxd4 13. cxd4 Nc6 14. Nb3 a5 {ist eine bekannte Fortsetzung}) (12. d5
Nb6 13. Nbd2 f5 14. exf5 Bxf5 15. Bxf5 Rxf5 16. Ne4 Qd7 17. Bg5 {Jirovsky,
M-Iuldachev,S Mlada Noleslav op 1993}) 12... dxe5 13. Nbd2 Bb7 14. Nb3 Nc4 15.
Bd3 Ncb6 (15... Nd6 $17 {Droht stark ...c4.} 16. Nbd2 c4) 16. Na5 $11 Qc7 17.
Nxb7 Qxb7 18. Qe2 c4 19. Bc2 Qc7 20. Be3 Rfd8 21. Rad1 Nc5 22. Rxd8+ Rxd8 23.
Rd1 Rxd1+ 24. Qxd1 $11 Ncd7 25. Qd2 Qd6 26. Qxd6 Bxd6 27. b3 Kf8 28. Kf1 f6 29.
Ke2 Ke7 30. Nd2 Bc5 31. g3 Bxe3 32. Kxe3 {[%mdl 4096] Endspiel KLS-KSS} Nc5 33.
f4 a5 34. h4 (34. b4 $11 axb4 35. cxb4) 34... h6 {[#]} (34... cxb3 $1 $17 35.
Bxb3 Nxb3 36. Nxb3 Nc4+ 37. Ke2 Kd6) 35. Nf3 $2 {[#]} (35. b4 $11 axb4 36. cxb4
) 35... Ke6 (35... cxb3 $1 $17 36. axb3 a4) 36. h5 {[#]} (36. b4 $11 {hält
das Gleichgewicht.} axb4 37. cxb4) 36... Nc8 ({Günstiger ist} 36... cxb3 $1
$17 37. axb3 a4) 37. bxc4 bxc4 38. fxe5 fxe5 39. g4 Kf6 40. Bd1 Nd6 41. Nd2 Kg5
42. Nf3+ Kf6 43. Nd2 Kg5 44. Nf3+ Kf6 45. Nd2 Kg5 1/2-1/2

[Event "SC Groebenzell 2-SK Landau-Dingolfing 1"]
[Site "?"]
[Date "2024.10.20"]
[Round "2.7"]
[White "Fuchsgruber, Helmut"]
[Black "Lengfeld, Thomas"]
[Result "1-0"]
[WhiteElo "1802"]
[BlackElo "1841"]
[Annotator "Stockfish 17"]
[PlyCount "81"]
[EventDate "2024.??.??"]
[WhiteTeam "SK Landau-Dingolfing 1"]
[BlackTeam "SC Gröbenzell 2"]

{[%evp 16,81,21,7,9,11,39,26,27,17,95,94,102,97,189,182,207,200,210,204,202,
162,167,154,137,142,147,121,162,162,275,278,278,238,220,186,279,254,327,229,
230,222,225,164,294,284,281,261,273,266,254,219,497,499,511,497,496,486,503,
483,586,573,714,670,29994,29995,29995,1076]} 1. Nf3 d5 2. d4 Nf6 3. e3 e6 4.
Bd3 Nbd7 5. O-O c5 6. c3 Be7 7. Nbd2 O-O 8. Ne5 Nxe5 9. dxe5 Nd7 10. f4 f6 11.
Qh5 f5 12. g4 $40 {[%cal Rg4f5][%mdl 128]} Qe8 $6 (12... c4 $11 {bleibt in der
Remisbreite.} 13. Bc2 g6) 13. Qxe8 $16 Rxe8 14. gxf5 exf5 $2 (14... c4 $16 15.
Be2 (15. Bc2 exf5) 15... exf5 $16) 15. Bxf5 $18 Nf8 16. Bxc8 Raxc8 17. Nf3 Ne6
18. Bd2 (18. Kf2 $142) 18... Rf8 19. Rad1 g5 20. Ne1 Rf5 21. Bc1 gxf4 22. Rxd5
Nc7 $6 (22... Rg5+ $142 23. Ng2 fxe3) 23. Rd7 $18 Rxe5 24. exf4 Re2 25. f5 Bf6
(25... Ne8 {ist wohl besser.} 26. Rxb7 Rc7 27. Rxc7 Nxc7) 26. Nd3 b6 27. Bh6
Rd8 28. Rxd8+ ({Jedoch nicht} 28. Rxc7 $6 Rxd3 29. Kh1 (29. Rxa7 Rxb2 30. Kh1
Rd8 $14) 29... Rd8 $16) 28... Bxd8 29. Nf4 Re8 (29... Re5 $142) 30. Rd1 Bh4 31.
Rd7 Re7 32. Rd8+ Re8 33. Rd2 {Und Tg2+ würde nun gewinnen.} Re5 $2 (33... Re1+
{kämpft weiter.} 34. Kg2 Ne8) 34. Rg2+ Kf7 {[%cal Re5e1]} 35. Rg7+ {[%mdl 64]
[#] Doppelangriff} Kf6 36. Rxc7 Kxf5 37. Rxh7 Kg4 38. Kg2 Re8 39. Rf7 {[%csl
Gf4,Gg2][%cal Rh2h3] [#]} Bd8 40. h3+ Kh4 41. Rg7 {[%csl Gh3][%cal Rg7g4]} 1-0

[Event "SC Groebenzell 2-SK Landau-Dingolfing 1"]
[Site "?"]
[Date "2024.10.20"]
[Round "2.8"]
[White "Krueger, Christian"]
[Black "Zinner, Bernhard"]
[Result "1-0"]
[WhiteElo "1759"]
[BlackElo "1771"]
[Annotator "Stockfish 17"]
[PlyCount "111"]
[EventDate "2024.??.??"]
[WhiteTeam "SC Gröbenzell 2"]
[BlackTeam "SK Landau-Dingolfing 1"]

{[%evp 11,111,33,115,35,101,88,173,145,244,243,259,249,287,291,291,303,304,200,
195,144,192,194,199,201,235,122,103,107,128,116,129,130,117,102,309,281,274,
313,471,287,279,284,282,268,355,349,392,381,370,372,373,370,381,317,287,225,
225,226,236,202,380,364,352,351,489,440,509,499,548,528,570,570,572,565,561,
539,555,518,549,514,559,504,668,636,670,463,658,585,658,645,1133,950,823,823,
29993,29994,29994,29994,29995,29996,29996,29997]} 1. e4 c5 2. Nf3 e6 3. d4 cxd4
4. Nxd4 Nf6 5. Nc3 Bb4 6. Bd3 (6. e5 Nd5 7. Bd2 Nxc3 8. bxc3 Be7 9. Qg4 {
ist auch gut bekannt}) 6... a6 $6 (6... d6 $14) (6... Nc6 $6 7. Nxc6 bxc6 8.
O-O d5 9. e5 {ist gut bekannt}) 7. O-O (7. e5 $142 $16) 7... Bxc3 $6 ({Besser
ist} 7... d6 $14) 8. bxc3 $16 Qa5 $6 (8... d6 $16) 9. Qe1 (9. Nb3 Qxc3 10. Ba3
$18 {sollte Schwarz nicht riskieren}) 9... O-O (9... d6 $16) 10. e5 $1 $18 Ne8
11. a4 f6 12. Ba3 (12. Qe4 g6 $16) 12... Rf7 13. f4 Nc6 14. Nb3 (14. Nxc6 bxc6
15. Qe3 $18) 14... Qc7 15. Qe4 $40 {[%csl Gd3][%cal Re4h7][%mdl 128] Weiss hat
starken Angriff.} f5 16. Qe3 b6 17. Nd2 g5 18. g3 (18. Nc4 $18) 18... Bb7 $16
19. Rfb1 gxf4 20. gxf4 Rg7+ 21. Kf2 Qd8 22. Nf3 $16 Rg4 $2 (22... b5 $16) 23.
h3 $1 $18 ({Auf keinen Fall} 23. Rxb6 $6 Na5 $16) (23. Qxb6 Rxf4 24. Ke2 (24.
Qxb7 Rb8 $11) 24... Rxf3 $11) 23... Rg6 24. Qxb6 (24. Rxb6 Na5 $18) 24... Rh6 (
24... Nc7 $142 25. Bd6 (25. Qxb7 Rb8 $18) 25... Nd5 26. Qxb7 Nxf4) 25. Qxd8 (
25. Qxb7 $1 Rb8 26. Rg1+ Ng7 27. Qxa6 $18) 25... Nxd8 26. Rg1+ Ng7 27. Rg3 Kh8
28. Rag1 Bxf3 29. Kxf3 Rg6 30. Rxg6 hxg6 31. Rxg6 $18 Nc6 32. Bc4 Rc8 33. Bxa6
Nxe5+ 34. fxe5 Rxc3+ 35. Kf4 Kh7 $2 {[#]} (35... Rxa3 {kämpft weiter.} 36.
Rh6+ Kg8) 36. Rxg7+ $1 Kxg7 37. Bd6 Rxh3 {und die Idee ...Th4+ ließe Schwarz
weiter hoffen.} 38. c4 Kf7 39. Bb5 Ke8 40. Bc7 Ke7 41. a5 Rh4+ 42. Kf3 Rh3+ 43.
Kf4 Rh4+ 44. Kg3 Rg4+ 45. Kf3 Rg8 46. Bd6+ Kd8 47. a6 {[%cal Ba5a6,Ba6a7][%mdl
32] Droht Matt per a7.} Rg1 48. a7 {[%cal Ra7a8]} Ra1 (48... Rf1+ $142 49. Ke3
Ra1) 49. Bb8 Kc8 50. c5 Ra5 {[#]} 51. c6 $1 Ra3+ (51... Ra1 52. cxd7+) 52. Kf4
d5 53. exd6 {Weiß setzt Matt.} e5+ 54. Kxf5 Ra5 55. d7+ Kd8 56. c7+ 1-0

[Event "SK Bruckmuehl 1-SK Neuburg 1"]
[Site "?"]
[Date "2024.10.20"]
[Round "2.1"]
[White "Sailer, Wolfgang"]
[Black "Uebele, Peter"]
[Result "1/2-1/2"]
[WhiteElo "2105"]
[BlackElo "2101"]
[Annotator "Stockfish 17"]
[PlyCount "70"]
[EventDate "2024.??.??"]
[WhiteTeam "SK Neuburg 1"]
[BlackTeam "SK Bruckmühl 1"]

{[%evp 17,70,15,17,18,16,13,15,16,19,18,9,-2,20,0,0,0,21,-38,0,-66,-74,-87,-79,
-211,-208,-236,-59,-73,-18,-21,-23,-27,-21,-23,-19,-26,-9,-10,-5,-3,-4,-5,-6,
-8,-6,-9,-15,-21,-4,-7,-8,-8,-7,-10,0]} 1. d4 d5 2. Nf3 Nf6 3. g3 e6 4. Bg2 c5
5. c4 dxc4 6. O-O Nc6 7. Ne5 Bd7 8. Na3 cxd4 9. Naxc4 Be7 10. Qb3 Qc7 11. Bf4
Nh5 12. Nxc6 Nxf4 13. Nxe7 Nxg2 14. Rfd1 Qc5 15. Qxb7 Kxe7 16. Rac1 Rhd8 17. b4
Qb5 18. Na5 $6 (18. Qc7 $11) 18... Qxb7 $15 19. Nxb7 Rdc8 20. Na5 $2 {[#]} (20.
Nc5 $17) 20... Ba4 $1 $19 21. Nb3 $19 Bxb3 $2 (21... d3 $142 $1 $19 {[%cal
Rd3e2]} 22. exd3 (22. Kxg2 dxe2 $19) 22... Bc6) 22. axb3 $15 Ne3 23. fxe3 dxe3
$11 {[%mdl 4096] Endspiel KTT-KTT} 24. Kg2 Rab8 25. Rxc8 Rxc8 {KT-KT} 26. Kf3
Rc3 27. Ra1 Rxb3 28. Rxa7+ Kf6 29. Rb7 g5 30. g4 Kg6 31. Rb6 h5 32. h3 $1 h4
33. b5 Kf6 34. Rb8 Ke5 35. b6 Kd6 1/2-1/2

[Event "SK Bruckmuehl 1-SK Neuburg 1"]
[Site "?"]
[Date "2024.10.20"]
[Round "2.3"]
[White "Holl, Andreas"]
[Black "Wilhelm, Robert"]
[Result "1/2-1/2"]
[WhiteElo "2071"]
[BlackElo "2084"]
[Annotator "Stockfish 17"]
[PlyCount "58"]
[EventDate "2024.??.??"]
[WhiteTeam "SK Neuburg 1"]
[BlackTeam "SK Bruckmühl 1"]

{[%evp 14,58,15,12,52,53,49,40,40,11,14,-17,-14,-17,-18,-17,8,-125,-5,-6,-10,
-15,-4,2,2,2,3,3,13,12,11,6,9,4,4,4,2,3,11,12,42,1,13,15,13,-10,16]} 1. d4 d5
2. c4 e6 3. Nf3 Nf6 4. g3 dxc4 5. Qa4+ c6 6. Qxc4 b5 7. Qc2 Bb7 8. Bg2 Bb4+ 9.
Bd2 Be7 10. O-O O-O 11. Bf4 Nbd7 12. Nbd2 c5 13. dxc5 Nxc5 14. Rfd1 Qb6 15. b4
$6 {[#]} (15. Be3 $11 Nd5 16. Ng5 Bxg5 17. Bxc5) 15... Nce4 (15... Na4 $1 $17 {
...Tfc8 ist eine echte Drohung.} 16. Be3 Qa6) 16. Be3 $11 Qa6 17. Qb2 Rac8 18.
Rac1 Rfd8 19. a3 Nxd2 20. Rxd2 Rxc1+ 21. Qxc1 Rxd2 22. Nxd2 Bxg2 23. Kxg2 Nd5
24. Bd4 Qb7 {[#] ( -> ...Sf4+)} 25. e4 Nb6 26. Qc3 f6 27. f3 (27. Bxb6 $5 axb6
28. f4 $11) 27... Qc8 28. Qxc8+ Nxc8 29. Nb3 Kf7 1/2-1/2

[Event "SK Bruckmuehl 1-SK Neuburg 1"]
[Site "?"]
[Date "2024.10.20"]
[Round "2.4"]
[White "Kieffer, Joachim"]
[Black "Ebenhoech, Daniel"]
[Result "1-0"]
[WhiteElo "2011"]
[BlackElo "1978"]
[Annotator "Stockfish 17"]
[PlyCount "49"]
[EventDate "2024.??.??"]
[WhiteTeam "SK Bruckmühl 1"]
[BlackTeam "SK Neuburg 1"]

{[%evp 14,49,78,12,1,-76,-76,-77,-76,-73,-80,-73,-72,-88,-47,-43,-29,-29,-16,
-19,-19,-14,30,36,174,-11,30,12,314,306,423,423,731,727,779,796,796,798]} 1. d4
Nf6 2. c4 e6 3. Nc3 Bb4 4. e3 b6 5. Nge2 Bb7 6. a3 Be7 7. d5 O-O 8. g3 (8. e4
$142 $16) 8... b5 $11 9. Nxb5 $6 (9. Nf4 $11) 9... exd5 $17 10. Bg2 {[%cal
Rc4d5]} c6 11. Nbd4 dxc4 12. O-O d5 13. b3 cxb3 14. Qxb3 Qb6 15. Qc2 Nbd7 16.
Rb1 Qc7 17. Nf5 Bc5 18. Bb2 Bb6 $2 {[#]} (18... Ba6 $14) 19. Rfd1 $2 (19. Nf4
$1 $18) 19... Rae8 20. Nf4 {Droht stark Sxg7!} c5 $2 {[%mdl 8192] [#]} (20...
Ne5 $1 $11) 21. Nxg7 $1 $18 {[%mdl 512]} Kxg7 (21... Re5 22. Nf5) 22. Nh5+ {
Weiß steht klar auf Gewinn.} Kg8 (22... Kh6 $142) 23. Qf5 {Beabsichtigt Dg5+
und Matt.} Re5 24. Nxf6+ Nxf6 25. Bxe5 1-0

[Event "SK Bruckmuehl 1-SK Neuburg 1"]
[Site "?"]
[Date "2024.10.20"]
[Round "2.5"]
[White "Heppert, Lars"]
[Black "Zeindlmeier, Thomas"]
[Result "1/2-1/2"]
[WhiteElo "1949"]
[BlackElo "1980"]
[Annotator "Stockfish 17"]
[PlyCount "35"]
[EventDate "2024.??.??"]
[WhiteTeam "SK Neuburg 1"]
[BlackTeam "SK Bruckmühl 1"]

{[%evp 11,35,9,9,10,19,14,15,16,14,-35,-41,-41,9,13,12,10,16,8,16,-50,-15,-55,
-27,-149,30,-18]} 1. Nf3 d5 2. e3 Nf6 3. c4 c6 4. Nc3 e6 5. b3 Nbd7 {[%cal
Bb8d7,Bd7e5,Be5g6,Bg6h4][%mdl 32]} 6. Bb2 Bd6 7. Qc2 Qe7 8. cxd5 exd5 9. Nd4
Ne5 10. h3 O-O 11. Be2 Ba3 12. Bxa3 Qxa3 13. O-O Re8 14. f4 Ng6 15. Bf3 (15.
Na4 $11) 15... Qe7 16. Rae1 Nh4 17. Kh2 $2 {[#]} (17. Na4 $142 $11 Nxf3+ 18.
Rxf3) 17... Ne4 $2 (17... c5 $142 $1 $17 {[%cal Rc5d4]} 18. Nde2 Bf5) 18. d3
1/2-1/2

[Event "SK Bruckmuehl 1-SK Neuburg 1"]
[Site "?"]
[Date "2024.10.20"]
[Round "2.6"]
[White "Stoffel, Matthias"]
[Black "Vaccaroni, Juan Manuel"]
[Result "0-1"]
[WhiteElo "1974"]
[BlackElo "1941"]
[Annotator "Stockfish 17"]
[PlyCount "81"]
[EventDate "2024.??.??"]
[WhiteTeam "SK Bruckmühl 1"]
[BlackTeam "SK Neuburg 1"]

{[%evp 9,81,-14,9,-36,-40,-67,-33,-32,-34,-51,-25,-49,-50,-47,-51,-53,0,-15,15,
25,49,52,56,63,40,40,182,-17,5,3,5,-1,23,15,40,-19,-1,-26,-25,-69,-66,-76,-74,
-172,-181,-163,-49,-40,-40,-80,-70,-115,-117,-231,-249,-239,-231,-261,-53,-72,
-29,-164,-151,-212,-225,-290,-285,-260,-228,-226,-217,-376,-242,-817]} 1. e4 c5
2. Nf3 Nc6 3. Bb5 e6 4. Bxc6 bxc6 5. O-O d5 6. exd5 (6. d3 Nf6 7. e5 Nd7 8. c4
h6 9. Re1 g5 {Adams,M-Polgar,J Dos Hermanas 1993}) 6... cxd5 7. d4 Nf6 8. c4
cxd4 9. Qxd4 Be7 10. Nc3 Ba6 11. Rd1 {[%cal Rc4d5]} dxc4 12. Qe5 Qb8 13. Qa5
Bc8 14. Ne5 O-O 15. Nc6 Qb7 16. Nxe7+ Qxe7 17. Be3 Qb7 $2 (17... Nd5 $14) 18.
Qg5 $2 (18. Bc5 $18 Re8 19. Nb5 {mit großem Vorteil}) 18... Ne4 19. Nxe4 Qxe4
20. Rd4 Qb7 21. Rad1 {[#] Und Td8 würde nun gewinnen.} f6 22. Qh5 {[%mdl 1024]
} Qf7 23. Qf3 Bb7 24. Qh3 {Droht Td7 und aus.} Bd5 25. Rh4 Qg6 26. Rg4 $2 (26.
Qg4 $17) 26... Qc2 $19 {[%cal Rc2d1][%mdl 64] [#] Doppelangriff} 27. Rc1 Qf5 (
27... Qxb2 $19 28. Rh4 Rfc8 29. Rxh7 Qe2) 28. Qg3 $15 Rf7 29. Bh6 {[%cal Rg4g7]
} g6 30. h4 e5 31. Rd1 $2 (31. f3 $17 {war angesagt.}) 31... Be6 $19 32. f3 Qc2
33. Rc1 Qd3 ({Lieber} 33... Qxb2 $19 {Und weiter mit ...Tc8 wäre nett.} 34.
Re4 c3) 34. Re4 $15 Rb7 35. h5 $2 (35. Qf2 $11) 35... g5 ({Viel schwächer
wäre} 35... Rxb2 $6 36. hxg6 Rb7 37. Qh4 $11) 36. Qe1 (36. Rce1 $17) 36... Rd8
$19 37. Bxg5 fxg5 38. Rxe5 Bf7 39. Rxg5+ Kf8 40. Kh1 Qd2 41. Qg1 $2 (41. Qxd2
Rxd2 42. b3) 0-1

[Event "SK Bruckmuehl 1-SK Neuburg 1"]
[Site "?"]
[Date "2024.10.20"]
[Round "2.7"]
[White "Liesecke, Christian"]
[Black "Jaworek, Thomas"]
[Result "1-0"]
[WhiteElo "1926"]
[BlackElo "1956"]
[Annotator "Stockfish 17"]
[PlyCount "65"]
[EventDate "2024.??.??"]
[WhiteTeam "SK Neuburg 1"]
[BlackTeam "SK Bruckmühl 1"]

{[%evp 15,65,48,57,13,15,6,30,30,31,32,60,32,47,45,49,47,63,24,27,29,31,21,35,
-49,23,-51,3,0,58,56,48,-21,-25,-44,-32,-48,-50,-92,-66,-69,-23,-35,-8,-16,26,
0,0,-59,78,10,493,477]} 1. d4 Nf6 2. c4 c5 3. d5 b5 4. cxb5 a6 5. b6 g6 6. Nc3
Bg7 7. e4 d6 8. Nf3 O-O 9. b7 Bxb7 10. Be2 a5 11. O-O Na6 12. Bf4 Nc7 13. h3
Ba6 14. Re1 Nd7 15. Rc1 Qb8 16. Qc2 Qb4 17. a3 Qb7 18. Rcd1 Rfb8 19. Rd2 $6 {
[#]} (19. Bxa6 $142 $14 Rxa6 20. e5) 19... Qb3 (19... Qxb2 $1 $15 20. Qa4 (20.
Qxb2 Rxb2 21. Rxb2 Bxc3 $15) 20... Qb7 21. Bxa6 Rxa6) 20. Bxa6 Rxa6 21. Qc1 Nb6
22. Rc2 Nc4 {[%cal Rc4b2]} 23. Nd2 (23. Ree2 $14) 23... Nxd2 $11 24. Bxd2 e6 {
[%cal Re6d5]} 25. Re3 Qb7 {[%cal Re6d5]} 26. Qf1 exd5 27. exd5 Bxc3 28. Rexc3
Nxd5 29. Rd3 {Schwarz muss nun Txd5! beachten.} Nf6 30. Bf4 Qe4 31. Bg5 {[#]}
Nd7 $6 (31... c4 $1 $15 {bleibt weiter vorne.} 32. Rdd2 (32. Rdc3 d5) 32... d5)
32. Rcd2 $11 (32. Qd1 $16) 32... Qe5 $2 {[%mdl 8192]} (32... Rab6 $1 $11) 33.
Rd5 {[%mdl 64] Abzugsangriff.} 1-0

[Event "SK Bruckmuehl 1-SK Neuburg 1"]
[Site "?"]
[Date "2024.10.20"]
[Round "2.8"]
[White "Limbrunner, Steven"]
[Black "Haas, Rainer Leo"]
[Result "1-0"]
[WhiteElo "1904"]
[BlackElo "1797"]
[Annotator "Stockfish 17"]
[PlyCount "117"]
[EventDate "2024.??.??"]
[WhiteTeam "SK Bruckmühl 1"]
[BlackTeam "SK Neuburg 1"]

{[%evp 13,117,41,45,0,34,19,30,14,29,30,48,-4,0,-25,36,-35,-38,-45,6,5,-6,-21,
-1,-8,36,3,6,-139,51,-42,45,-12,16,18,57,11,12,-11,11,-136,107,94,114,126,153,
2,164,31,143,129,158,157,171,160,164,144,158,140,145,160,151,157,220,180,181,
154,203,151,166,140,156,161,147,62,76,23,247,240,211,223,432,430,422,418,428,
422,409,408,424,414,431,428,455,261,601,578,601,580,614,610,599,599,594,587,
568,582]} 1. c4 d6 2. g3 Nf6 3. Bg2 e5 4. Nc3 Be7 5. Nf3 O-O 6. O-O c6 7. d3 a5
8. c5 Qc7 9. cxd6 Bxd6 10. Bg5 Nbd7 11. Rc1 Qb8 12. Qd2 Re8 13. Rfd1 Bf8 (13...
h6 $11 14. Bh4 Bf8) 14. Ne1 (14. d4 $14) 14... h6 $15 15. Be3 Nc5 16. d4 exd4
17. Qxd4 Ne6 18. Qc4 Qe5 19. Nd3 Qf5 20. Na4 $6 {[#]} (20. h4 $11 {hält das
Gleichgewicht.}) 20... Ng4 $2 (20... b5 $1 $17 {[%cal Rb5c4]} 21. Qc2 (21. Qxc6
Bd7 $17) 21... bxa4 22. Bxc6 Ba6 23. Qxa4 Rad8 24. Bxe8 Rxe8) 21. Bd2 Ng5 (
21... b5 $15 22. Qxc6 Ba6) 22. Nc3 Be6 23. Qf4 Qxf4 24. Bxf4 a4 25. e4 Nf6 26.
Be3 $2 (26. f3 $11) 26... Ngh7 $2 (26... Bg4 $17 {und es läuft.} 27. Bxg5 hxg5
) 27. Nc5 $16 Bxc5 28. Bxc5 Nd7 29. Be3 Nhf8 $2 {[#]} (29... Ne5 $1 $11 {
und Schwarz ist OK.}) 30. Rd4 (30. f4 $1 $18) 30... Nc5 $2 (30... Ne5 $1 $14)
31. Rcd1 $16 Nfd7 32. f4 f5 33. e5 Kf7 34. Kf2 Ke7 35. Bf1 g6 36. Rd6 h5 37.
Bg2 Rab8 38. R1d4 Ra8 39. Ne2 Rh8 40. h4 Rhc8 41. a3 Nb3 42. Rb4 Rc7 43. Nc3 (
43. Nd4 $142 $16 Nxd4 44. Rbxd4) 43... Ndc5 $14 44. Bf1 Rd8 $2 (44... b5 $11 {
und Schwarz steht sicher.}) 45. Rxd8 $18 ({Auf keinen Fall} 45. Nxa4 $6 Nxa4
46. Rxd8 (46. Rxa4 Rxd6 47. exd6+ Kxd6 $11) 46... Kxd8) 45... Kxd8 46. Nxa4
Ne4+ {[#]} (46... Nxa4 47. Rxa4 Rd7 48. Ra8+ Ke7) 47. Rxe4 $1 {[%mdl 512]} fxe4
48. Bb6 Kd7 49. Bxc7 Kxc7 {[%mdl 4096] Endspiel KLS-KLS} 50. Ke3 Bf5 51. Nc3
Nc5 52. b4 Nb3 53. Bc4 (53. Be2 $142) 53... Nc1 $2 (53... Na1 54. Kd2 (54. Nxe4
Nc2+ 55. Kd3 Nxa3 $16) 54... e3+ {[%mdl 64] Hinlenkung} 55. Kxe3 Nc2+ 56. Kd2
Nxa3) 54. Nxe4 {Weiß steht klar auf Gewinn.} b5 55. Bf7 Ne2 56. Kxe2 Bxe4 57.
Ke3 Bc2 58. Kd4 Kd8 59. Kc5 1-0

[Event "SV Roehrnbach 1-SK Starnberg 1"]
[Site "?"]
[Date "2024.10.20"]
[Round "2.1"]
[White "Ponater, Michael"]
[Black "Eckerl, Uwe"]
[Result "0-1"]
[WhiteElo "2034"]
[BlackElo "2114"]
[Annotator "Stockfish 17"]
[PlyCount "34"]
[EventDate "2024.??.??"]
[WhiteTeam "SK Starnberg 1"]
[BlackTeam "SV Röhrnbach 1"]

{[%evp 16,34,-8,-16,35,36,41,-27,3,-28,-25,-25,-27,-79,-88,-91,-62,-196,-179,
-476,-491]} 1. e4 c5 2. Nc3 Nc6 3. Nge2 g6 4. d4 cxd4 5. Nxd4 Bg7 6. Be3 d6 7.
Be2 Nf6 8. h4 h5 9. f3 a6 10. Qd2 Ne5 11. Nb3 Be6 12. O-O-O Rc8 13. Kb1 b5 {
[%cal Bb7b5,Bb5c4,Bc4c3][%mdl 32]} 14. Nd5 $6 Bxd5 15. exd5 Nc4 16. Bxc4 $2 (
16. Qc1 $1 $15) 16... bxc4 $19 17. Na5 $2 {[#]} (17. Na1) 17... c3 $1 {[%cal
Rc3d2]} 0-1